[Event "Montreal op"]
[Site "Montreal"]
[Date "2005.07.19"]
[Round "3"]
[White "Nicula, Marius"]
[Black "Gravel, Simon M"]
[Result "0-1"]
[WhiteElo "2163"]
[BlackElo "2287"]
[PlyCount "38"]
[EventDate "2005.07.15"]
[EventType "swiss"]
[EventRounds "9"]
[EventCountry "CAN"]
[SourceTitle "EXT 2007"]
[Source "ChessBase"]
[SourceDate "2006.11.23"]
[SourceVersion "1"]
[SourceVersionDate "2006.11.23"]
[SourceQuality "1"]

1. Nf3 Nf6 2. d4 g6 3. Bg5 Bg7 4. Nbd2 c5 5. Bxf6 Bxf6 6. Ne4 Bxd4 7. Nxd4 cxd4 8. Qxd4 0-0 9. h4 Qa5+ 10. Nc3 Nc6 11. Qd2 d6 12. e4 Be6 13. Be2 Rac8 14. f4 f5 15. h5 fxe4 16. hxg6 hxg6 17. g4 Nb4 18. f5 e3 19. Qd1 Bxf5 0-1

[Event "Montreal Masters 3rd"]
[Site "Montreal"]
[Date "2005.04.04"]
[Round "3"]
[White "Barbeau, Sylvain"]
[Black "Gravel, Simon M"]
[Result "1-0"]
[WhiteElo "2395"]
[BlackElo "2255"]
[PlyCount "67"]
[EventDate "2005.04.04"]
[EventType "swiss"]
[EventRounds "5"]
[EventCountry "CAN"]
[SourceTitle "EXT 2006"]
[Source "ChessBase"]
[SourceDate "2005.11.24"]
[SourceVersion "1"]
[SourceVersionDate "2005.11.24"]
[SourceQuality "1"]

1. e4 Nf6 2. e5 Nd5 3. d4 d6 4. c4 Nb6 5. exd6 cxd6 6. Nc3 g6 7. Be3 Bg7 8. Rc1 0-0 9. b3 Nc6 10. d5 Ne5 11. Be2 f5 12. f4 Ng4 13. Bxg4 fxg4 14. Nge2 Nd7 15. 0-0 Nf6 16. Nd4 Bd7 17. Qd3 Nh5 18. g3 a6 19. Ne4 Qa5 20. Rf2 Rac8 21. Ng5 Bxd4 22. Bxd4 b5 23. Qe3 Rfe8 24. Bc3 b4 25. Bd4 Bf5 26. Re1 Qc7 27. Rfe2 Qd7 28. Qxe7 Rxe7 29. Rxe7 Qd8 30. Rxh7 Nf6 31. Rf7 Nh5 32. Ree7 a5 33. Rh7 Kf8 34. Ref7+ 1-0

[Event "Montreal Pere Noel op"]
[Site "Montreal"]
[Date "2004.12.27"]
[Round "2"]
[White "Rouleau, Paul"]
[Black "Gravel, Simon M"]
[Result "0-1"]
[WhiteElo "1856"]
[BlackElo "2200"]
[PlyCount "58"]
[EventDate "2004.12.??"]
[EventType "swiss"]
[EventRounds "5"]
[EventCountry "CAN"]
[SourceTitle "EXT 2006"]
[Source "ChessBase"]
[SourceDate "2005.11.24"]
[SourceVersion "1"]
[SourceVersionDate "2005.11.24"]
[SourceQuality "1"]

1. e4 Nc6 2. d4 e5 3. Nf3 exd4 4. Nxd4 Bc5 5. Nxc6 Qf6 6. Qd2 dxc6 7. Bd3 Be6 8. 0-0 0-0-0 9. Qg5 Qxg5 10. Bxg5 f6 11. Bf4 Ne7 12. Re1 Bd4 13. Nc3 c5 14. a4 Nc6 15. Rad1 Nb4 16. Nb5 Be5 17. Bxe5 fxe5 18. Na3 Nxd3 19. cxd3 Bb3 20. Rc1 b6 21. Nc4 Rhe8 22. a5 Rxd3 23. axb6 axb6 24. f3 Rd4 25. Ne3 Rd2 26. Nc4 Bxc4 27. Rxc4 Rxb2 28. Ra4 Kb7 29. Rd1 Re6 0-1

[Event "CAN-ch"]
[Site "Toronto"]
[Date "2004.08.26"]
[Round "7"]
[White "Gravel, Simon M"]
[Black "Ivanov, Igor Vasilievich"]
[Result "0-1"]
[WhiteElo "2256"]
[BlackElo "2438"]
[PlyCount "80"]
[EventDate "2004.08.20"]
[EventType "swiss"]
[EventRounds "9"]
[EventCountry "CAN"]
[SourceTitle "CBM 101 Extra"]
[Source "ChessBase"]
[SourceDate "2004.09.01"]
[SourceVersion "2"]
[SourceVersionDate "2004.09.01"]
[SourceQuality "1"]

1. c4 e6 2. Nf3 Nf6 3. g3 d5 4. Bg2 c5 5. 0-0 Nc6 6. b3 Be7 7. e3 0-0 8. Nc3 d4 9. Na4 e5 10. exd4 cxd4 11. d3 h6 12. Re1 Bd6 13. a3 a5 14. c5 Bc7 15. b4 axb4 16. axb4 Nd5 17. Bd2 Ndxb4 18. Nxe5 Nxe5 19. Bxb4 Re8 20. Nb2 Bg4 21. Rxa8 Qxa8 22. f3 Be6 23. Nc4 Nxc4 24. dxc4 Rd8 25. Qd3 Qa4 26. Rb1 Qa2 27. Rc1 Ba5 28. Bxa5 Qxa5 29. f4 Qxc5 30. Bxb7 Rb8 31. Bg2 Rb4 32. Bf1 Bf5 33. Qd2 Rb3 34. Qf2 Re3 35. Rd1 Bg4 36. Rd3 Qb6 37. Qd2 Bf5 38. Rxe3 dxe3 39. Qe2 Bd3 40. c5 Qxc5 0-1

[Event "Quebec op"]
[Site "Montreal"]
[Date "2004.07.19"]
[Round "3"]
[White "Gravel, Simon M"]
[Black "Trinh, Tri Bao"]
[Result "1-0"]
[WhiteElo "2256"]
[BlackElo "2043"]
[PlyCount "63"]
[EventDate "2004.07.17"]
[EventType "swiss"]
[EventRounds "9"]
[EventCountry "CAN"]
[SourceTitle "CBM 101 Extra"]
[Source "ChessBase"]
[SourceDate "2004.09.01"]
[SourceVersion "2"]
[SourceVersionDate "2004.09.01"]
[SourceQuality "1"]

1. e4 d6 2. d4 Nf6 3. Nc3 g6 4. Be3 c6 5. Qd2 Nbd7 6. 0-0-0 Ng4 7. Bg5 h6 8. Bh4 g5 9. Bg3 Qa5 10. h4 gxh4 11. Rxh4 h5 12. Bc4 Nb6 13. Bb3 Be6 14. d5 cxd5 15. exd5 Bf5 16. Nge2 Bg7 17. f3 Ne5 18. Kb1 Rc8 19. Nd4 Bg6 20. Qe2 Bf6 21. Rh2 Nec4 22. Ncb5 Kf8 23. Be1 Qa6 24. Bh4 Bxh4 25. Rxh4 Rc5 26. Re1 Rxb5 27. Nxb5 Qxb5 28. Bxc4 Qd7 29. Qd2 Qf5 30. Ree4 Nxc4 31. Rxc4 Qd7 32. Qc3 1-0

[Event "Quebec op"]
[Site "Montreal"]
[Date "2004.07.17"]
[Round "1"]
[White "Gravel, Simon M"]
[Black "Barsov, Alexei"]
[Result "1-0"]
[WhiteElo "2256"]
[BlackElo "2497"]
[PlyCount "131"]
[EventDate "2004.07.17"]
[EventType "swiss"]
[EventRounds "9"]
[EventCountry "CAN"]
[SourceTitle "CBM 101 Extra"]
[Source "ChessBase"]
[SourceDate "2004.09.01"]
[SourceVersion "2"]
[SourceVersionDate "2004.09.01"]
[SourceQuality "1"]

1. c4 e6 2. Nf3 d5 3. g3 dxc4 4. Qa4+ Nd7 5. Bg2 c5 6. 0-0 a6 7. Qxc4 b5 8. Qc2 Bb7 9. a4 Rc8 10. d3 Ngf6 11. Nc3 Bc6 12. Bf4 Be7 13. axb5 axb5 14. Ne5 Bxg2 15. Kxg2 Nh5 16. Ra7 Nxe5 17. Bxe5 b4 18. Qa4+ Kf8 19. Rd7 Qe8 20. Ne4 Rd8 21. Rxd8 Qxd8 22. Qc6 f6 23. Nxc5 Qd5+ 24. Qxd5 exd5 25. Bd4 Kf7 26. Ra1 g5 27. Ra7 Ng7 28. Nb3 Ne6 29. Rd7 Rc8 30. Rxd5 Rc2 31. e4 Nxd4 32. Nxd4 Rxb2 33. Nf5 Bf8 34. Rb5 h5 35. Rb7+ Kg6 36. Rb8 Kf7 37. Rb7+ Kg6 38. h3 g4 39. Nh4+ Kg5 40. Rf7 Bh6 41. hxg4 hxg4 42. e5 Re2 43. Kf1 Rxe5 44. f4+ gxf3 45. Nxf3+ Kf5 46. Nxe5 Kxe5 47. Ke2 Bc1 48. Rb7 Ba3 49. Kd2 Kd4 50. Rd7+ Ke5 51. Kc2 Kf5 52. Rd4 Ke5 53. Re4+ Kd5 54. g4 Kd6 55. Kb3 Kd5 56. Ka4 Kd6 57. Rxb4 Bxb4 58. Kxb4 Ke5 59. Kc5 Kf4 60. d4 Kxg4 61. d5 f5 62. d6 f4 63. d7 f3 64. d8Q f2 65. Qd1+ Kg3 66. Qf1 1-0

[Event "Quebec Carnaval op"]
[Site "Quebec"]
[Date "2004.02.15"]
[Round "4"]
[White "Gravel, Simon M"]
[Black "Hebert, Jean"]
[Result "1/2-1/2"]
[WhiteElo "2226"]
[BlackElo "2425"]
[PlyCount "61"]
[EventDate "2004.02.??"]
[EventType "swiss"]
[EventRounds "5"]
[EventCountry "CAN"]
[SourceTitle "EXT 2005"]
[Source "ChessBase"]
[SourceDate "2004.11.15"]
[SourceVersion "1"]
[SourceVersionDate "2004.11.15"]
[SourceQuality "1"]

1. e4 c5 2. Nf3 e6 3. d4 cxd4 4. Nxd4 Nc6 5. Nc3 Nf6 6. Ndb5 d6 7. Bf4 e5 8. Bg5 a6 9. Na3 Be7 10. Nc4 Nd4 11. Bxf6 Bxf6 12. Nd5 Be6 13. Nxf6+ gxf6 14. c3 Rc8 15. Ne3 Nc6 16. Bc4 Ne7 17. Qd3 Qc7 18. Bb3 0-0 19. Rd1 Rcd8 20. 0-0 Kh8 21. f4 Qb6 22. Kh1 Bxb3 23. axb3 Qxb3 24. Ng4 Ng8 25. Rd2 Rfe8 26. Qf3 d5 27. exd5 e4 28. Qd1 Qb6 29. Re1 e3 30. Rde2 Qd6 31. Qd4 1/2-1/2

[Event "Quebec op"]
[Site "Montreal"]
[Date "2003.07.23"]
[Round "9"]
[White "Pruess, David"]
[Black "Gravel, Simon M"]
[Result "1/2-1/2"]
[WhiteElo "2331"]
[BlackElo "2242"]
[PlyCount "24"]
[EventDate "2003.07.19"]
[EventType "swiss"]
[EventRounds "9"]
[EventCountry "CAN"]
[SourceTitle "CBM 095 Extra"]
[Source "ChessBase"]
[SourceDate "2003.09.04"]
[SourceVersion "1"]
[SourceVersionDate "2003.09.04"]
[SourceQuality "1"]

1. e4 e5 2. f4 d5 3. Nf3 exf4 4. exd5 Nf6 5. Bc4 Nxd5 6. 0-0 Be7 7. Nc3 Be6 8. Qe2 Nc6 9. Qe4 Nf6 10. Qxf4 Nh5 11. Qe4 Nf6 12. Qf4 Nh5 1/2-1/2

[Event "Montreal CMA Futurity"]
[Site "Montreal"]
[Date "2002.01.29"]
[Round "6"]
[White "Roussel Roozmon, Thomas"]
[Black "Gravel, Simon M"]
[Result "1-0"]
[WhiteElo "2140"]
[BlackElo "2261"]
[PlyCount "71"]
[EventDate "2002.01.23"]
[EventType "tourn"]
[EventRounds "9"]
[EventCountry "CAN"]
[EventCategory "3"]
[SourceTitle "CBM 086 Extra"]
[Source "ChessBase"]
[SourceDate "2002.03.14"]
[SourceVersion "1"]
[SourceVersionDate "2002.03.14"]
[SourceQuality "1"]

1. d4 Nf6 2. c4 g6 3. Nc3 d5 4. cxd5 Nxd5 5. e4 Nxc3 6. bxc3 Bg7 7. Nf3 c5 8. Be3 Qa5 9. Qd2 0-0 10. Rc1 cxd4 11. cxd4 Qxd2+ 12. Kxd2 Nc6 13. d5 Rd8 14. Ke1 Na5 15. Bg5 Kf8 16. Bd3 f5 17. Ke2 fxe4 18. Bxe4 Bd7 19. Rc5 b6 20. d6 exd6 21. Bxd8 Rxd8 22. Rc7 d5 23. Bd3 Nc4 24. Rb1 Nb2 25. Bc2 Bb5+ 26. Kd2 Nc4+ 27. Kd1 a6 28. Ng5 Re8 29. a4 Bc3 30. Nf3 g5 31. h3 h5 32. axb5 g4 33. Rb3 gxf3 34. Rxc3 Ne3+ 35. Rxe3 Rxe3 36. gxf3 1-0

[Event "Montreal FIDE Qualification"]
[Site "Montreal"]
[Date "2002.01.12"]
[Round "2"]
[White "Gravel, Simon M"]
[Black "Pitre, Francois"]
[Result "1-0"]
[WhiteElo "2233"]
[BlackElo "2113"]
[PlyCount "48"]
[EventDate "2002.01.11"]
[EventType "swiss"]
[EventRounds "5"]
[EventCountry "CAN"]
[SourceTitle "EXT 2022"]
[Source "ChessBase"]
[SourceDate "2021.10.06"]
[SourceVersion "1"]
[SourceVersionDate "2021.10.06"]
[SourceQuality "1"]

1. e4 e5 2. Nf3 Nc6 3. Bb5 Nf6 4. Qe2 d6 5. 0-0 Bg4 6. h3 Bh5 7. d3 Be7 8. Nbd2 Nd7 9. g4 Bg6 10. c3 h5 11. Nc4 hxg4 12. hxg4 Nf6 13. Nfxe5 dxe5 14. Nxe5 Qd6 15. Bf4 Nd7 16. d4 Bh7 17. Kg2 Ncxe5 18. Bxe5 Qg6 19. Bxd7+ Kxd7 20. f3 Bd6 21. Qb5+ Kc8 22. Rh1 Qxe4 23. fxe4 Bxe4+ 24. Kf2 Bc6 1-0

[Event "Montreal FIDE Qualification"]
[Site "Montreal"]
[Date "2002.01.11"]
[Round "1"]
[White "Lacroix, Serge"]
[Black "Gravel, Simon M"]
[Result "0-1"]
[WhiteElo "1942"]
[BlackElo "2233"]
[PlyCount "118"]
[EventDate "2002.01.11"]
[EventType "swiss"]
[EventRounds "5"]
[EventCountry "CAN"]
[SourceTitle "EXT 2022"]
[Source "ChessBase"]
[SourceDate "2021.10.06"]
[SourceVersion "1"]
[SourceVersionDate "2021.10.06"]
[SourceQuality "1"]

1. e4 e5 2. Nf3 Nc6 3. Bb5 a6 4. Ba4 Nf6 5. 0-0 Nxe4 6. d4 b5 7. Bb3 d5 8. dxe5 Be6 9. c3 Bc5 10. Nbd2 0-0 11. Bc2 Bf5 12. Nxe4 Bxe4 13. Ng5 Nxe5 14. Bxe4 dxe4 15. Qxd8 Raxd8 16. Nxe4 Bb6 17. Be3 Bxe3 18. fxe3 Nc4 19. Nc5 Rd2 20. Rf2 Rfd8 21. Rxd2 Rxd2 22. Nxa6 f5 23. Nxc7 Nxe3 24. g3 Rg2+ 25. Kh1 Rxb2 26. Re1 Ng4 27. h4 Nf2+ 28. Kg1 Ne4 29. g4 Nxc3 30. gxf5 Rxa2 31. Re7 Ne2+ 32. Kh2 Nd4+ 33. Kh3 Nxf5 34. Re5 Ra3+ 35. Kg4 Nh6+ 36. Kh5 b4 37. Rb5 b3 38. Ne6 Nf5 39. Rb8+ Kf7 40. Ng5+ Ke7 41. Nxh7 Nd4 42. Rb7+ Kd6 43. Ng5 Kc6 44. Rb4 Kc5 45. Rb7 Nb5 46. Ne4+ Kc6 47. Rxg7 b2 48. Nd2 Rd3 49. Rg6+ Kc5 50. Nb1 Rd1 51. Rg2 Rxb1 52. Kg6 Kb4 53. h5 Kb3 54. h6 Rh1 55. Rxb2+ Kxb2 56. h7 Nd6 57. Kg7 Ne8+ 58. Kg8 Nf6+ 59. Kg7 Rxh7+ 0-1

[Event "Quebec-ch"]
[Site "Montreal"]
[Date "2000.??.??"]
[Round "1"]
[White "Gravel, Simon M"]
[Black "Leger, Manon"]
[Result "1-0"]
[WhiteElo "2262"]
[BlackElo "2090"]
[PlyCount "73"]
[EventDate "2000.??.??"]
[EventType "tourn"]
[EventRounds "7"]
[EventCountry "CAN"]
[SourceTitle "EXT 2001"]
[Source "ChessBase"]
[SourceDate "2000.11.22"]
[SourceVersion "1"]
[SourceVersionDate "2000.11.22"]
[SourceQuality "1"]

1. e4 e5 2. f4 Bc5 3. Nf3 d6 4. Nc3 Nf6 5. Bc4 Nc6 6. d3 0-0 7. fxe5 dxe5 8. Bg5 Qd6 9. Nb5 Qd8 10. Bxf6 gxf6 11. Qd2 a6 12. Nc3 Nd4 13. 0-0-0 b5 14. Bb3 c6 15. Nxd4 Qxd4 16. Rhf1 Be7 17. Ne2 Qd8 18. Kb1 Be6 19. Ng3 Kh8 20. Nf5 Rg8 21. Rf3 Bxf5 22. Rxf5 Rg7 23. c3 a5 24. d4 exd4 25. cxd4 a4 26. Bc2 Qb6 27. g3 b4 28. Qd3 a3 29. Bb3 Rd8 30. Qc4 Rc8 31. e5 Qa5 32. Rdf1 fxe5 33. Rxf7 Qb5 34. Qe6 Qd3+ 35. Bc2 Qa6 36. Qxe5 Re8 37. Qxg7# 1-0

[Event "Quebec op"]
[Site "Montreal"]
[Date "1999.07.25"]
[Round "3"]
[White "Gravel, Simon M"]
[Black "Goldenberg, Danny"]
[Result "1-0"]
[WhiteElo "2281"]
[BlackElo "2234"]
[PlyCount "55"]
[EventDate "1999.07.24"]
[EventType "swiss"]
[EventRounds "9"]
[EventCountry "CAN"]
[SourceTitle "EXT 2000"]
[Source "ChessBase"]
[SourceDate "1999.11.16"]
[SourceVersion "1"]
[SourceVersionDate "1999.11.16"]
[SourceQuality "1"]

1. d4 c5 2. d5 e5 3. e4 d6 4. Be3 g6 5. g4 Bh6 6. Bd2 Bf4 7. h4 Qb6 8. b3 Nf6 9. Bxf4 exf4 10. f3 Nbd7 11. Qd2 0-0 12. Qxf4 Re8 13. Be2 c4 14. Bxc4 Ne5 15. Nd2 Nexg4 16. fxg4 Nxe4 17. 0-0-0 Nc3 18. Rf1 f5 19. a3 Qa5 20. Nb1 Nxb1 21. Kxb1 Qxa3 22. h5 Re4 23. Qg5 Rxc4 24. Qd8+ Kg7 25. Qe7+ Kg8 26. hxg6 hxg6 27. Qe8+ Kg7 28. Qh8+ 1-0